000 00360nam a2200133 i 4500
001 bg
100 1 _aVan Andel, Tjeerd H.
_d(1923- ).
245 0 _aHistoria Ziemi i dryf kontynentów /
_cT.H. van Andel.
260 _aWarszawa :
_bWydawnictwo Naukowe PWN,
_c1991.
040 _cBPK
041 _apol
942 _cKS
008 s pl f |000 0 pol
999 _c29574
_d29574
856 _uhttp://koha.tu.koszalin.pl/cgi-bin/koha/opac-detail.pl?biblionumber=29574
_yKatalog online BPK